000 00721cab a2200193 4500
001 WB2613-20
008 090401t1990 xxu||||| |||| 00| 0 eng d
035 _a(Sirsi) u22766
041 _aeng
245 _aHelp for homeless not repossession
260 _c1990
350 _a0
490 _aRICS Press Release
_vPR38/90 26/3/90 2 pages
520 _aThe RICS has proposed that the government and local authorities should take action to prevent eviction of owner-occupiers unable to meet mortgage repayments either by local authorities buying the properties outright and letting them back or by buying a share in the equity.
650 _aHOME OWNERSHIP
690 _aHOUSING
942 _n0
948 _c04/03/1997
999 _c15262
_d15262